University Home | Library Home | Institutional Repository

Mission linguistique 1949-1951. (Record no. 165451)

MARC details
000 -LEADER
fixed length control field 01124cam0a220021700 4500
001 - CONTROL NUMBER
control field tmp15223769
003 - CONTROL NUMBER IDENTIFIER
control field UPRA
005 - DATE AND TIME OF LATEST TRANSACTION
control field 20190826103206.0
008 - FIXED-LENGTH DATA ELEMENTS--GENERAL INFORMATION
fixed length control field 950718s1954 be fre u
035 ## - SYSTEM CONTROL NUMBER
System control number (Sirsi) r105013
035 ## - SYSTEM CONTROL NUMBER
System control number (UPRA)tmp15223769
040 ## - CATALOGING SOURCE
Transcribing agency UPRA
100 1# - MAIN ENTRY--PERSONAL NAME
Personal name Bulck, G. van.
Linkage A62003.1
245 10 - TITLE STATEMENT
Title Mission linguistique 1949-1951.
260 ## - PUBLICATION, DISTRIBUTION, ETC.
Place of publication, distribution, etc. Bruxelles,
Date of publication, distribution, etc. 1954.
490 1# - SERIES STATEMENT
Series statement Institut Royal Colonial Belge. Section des Sciences Morales et Politiques. Memoires. Collection in-8 ;
Volume/sequential designation t. 31, fasc. 5 et dernier
650 #0 - SUBJECT ADDED ENTRY--TOPICAL TERM
Topical term or geographic name entry element Bantu languages.
Linkage S3923.1
810 2# - SERIES ADDED ENTRY--CORPORATE NAME
Corporate name or jurisdiction name as entry element Institut royal colonial belge. Section des sciences morales et politiques. Memoires. Collection in-8 ;
Subordinate unit Institut royal colonial belge. Section des sciences morales et politiques. Memoires. Collection in-8 ;
Title of a work Institut royal colonial belge. Section des sciences morales et politiques. Memoires. Collection in-8 ;
Name of part/section of a work Institut royal colonial belge. Section des sciences morales et politiques. Memoires. Collection in-8 ;
Volume/sequential designation t. 31, fasc. 5 et dernier
Linkage S5497.1
949 ## - LOCAL PROCESSING INFORMATION (OCLC)
a DT1.A2
w lcc
i -149195
m MAIN
t BOOK
l ON-SHELF

No items available.

© 2026 - The University of Zambia Library - Koha v25.11